[Event "Palafrugell Gelpi Memorial 30th"]
[Site "Palafrugell"]
[Date "2017.10.28"]
[Round "6"]
[White "Dilme Bosch, Enric"]
[Black "Carmona Robles, Carlos"]
[Result "1-0"]
[WhiteElo "1957"]
[BlackElo "1872"]
[PlyCount "67"]
[EventDate "2017.09.23"]
[EventType "swiss"]
[EventRounds "9"]
[EventCountry "ESP"]
[SourceTitle "CBM 187 Extra"]
[Source "ChessBase"]
[SourceDate "2018.11.04"]
[SourceVersion "1"]
[SourceVersionDate "2018.11.04"]
[SourceQuality "1"]

1. e4 c5 2. Nf3 g6 3. d4 cxd4 4. Nxd4 Bg7 5. Nc3 Nc6 6. Be3 Nf6 7. Be2 0-0 8. 0-0 d5 9. exd5 Nxd5 10. Nxd5 Qxd5 11. Bf3 Qa5 12. Nxc6 bxc6 13. c3 Rb8 14. Qc1 c5 15. Re1 Qc7 16. b3 Bb7 17. Bxb7 Rxb7 18. Bh6 Bxh6 19. Qxh6 c4 20. b4 Rd8 21. Rad1 Rb5 22. Rxd8+ Qxd8 23. Qe3 Rb7 24. Qe2 Qc8 25. h3 Rd7 26. Rd1 Rd6 27. a4 Qa6 28. a5 Qc6 29. Rxd6 exd6 30. Qe3 Qd7 31. Qd4 d5 32. Qc5 a6 33. b5 axb5 34. a6 1-0

[Event "Palafrugell Gelpi Memorial 27th"]
[Site "Palafrugell"]
[Date "2012.09.29"]
[Round "2"]
[White "Vinardell Cruanas, Sergi"]
[Black "Dilme Bosch, Enric"]
[Result "1-0"]
[WhiteElo "2145"]
[BlackElo "1972"]
[PlyCount "77"]
[EventDate "2012.09.22"]
[EventType "swiss"]
[EventRounds "9"]
[EventCountry "ESP"]
[SourceTitle "EXT 2014"]
[Source "ChessBase"]
[SourceDate "2013.11.20"]
[SourceVersion "1"]
[SourceVersionDate "2013.11.20"]
[SourceQuality "1"]

1. e4 d6 2. d4 Nf6 3. Nc3 g6 4. Be3 Bg7 5. Qd2 h6 6. h3 c6 7. Nf3 Nbd7 8. e5 dxe5 9. dxe5 Nd5 10. Nxd5 cxd5 11. Qxd5 Nxe5 12. Qxd8+ Kxd8 13. 0-0-0+ Ke8 14. Nxe5 Bxe5 15. Bb5+ Kf8 16. Rd8+ Kg7 17. Rxh8 Kxh8 18. Bxh6 Be6 19. b3 Rc8 20. Bd3 a5 21. Kb1 a4 22. Bc1 axb3 23. axb3 Bd5 24. f3 Kg7 25. Bb2 Bxb2 26. Kxb2 g5 27. c4 Bc6 28. Ra1 Kf6 29. Ra5 e5 30. b4 Bd7 31. Ra7 Rc7 32. Kc3 Ke7 33. Be4 Bc8 34. b5 f5 35. b6 Rc5 36. Bxb7 Bxb7 37. Rxb7+ Ke6 38. Rg7 e4 39. b7 1-0

[Event "Figueres op 13th"]
[Site "Figueres"]
[Date "2012.08.09"]
[Round "1"]
[White "Vishnu, Prasanna V"]
[Black "Dilme Bosch, Enric"]
[Result "1-0"]
[WhiteElo "2435"]
[BlackElo "1994"]
[PlyCount "61"]
[EventDate "2012.08.09"]
[EventType "swiss"]
[EventRounds "9"]
[EventCountry "ESP"]
[SourceTitle "CBM 149 Extra"]
[Source "ChessBase"]
[SourceDate "2012.08.24"]
[SourceVersion "1"]
[SourceVersionDate "2012.08.24"]
[SourceQuality "1"]

1. e4 c5 2. Nf3 e6 3. d4 cxd4 4. Nxd4 a6 5. Nc3 Qc7 6. Bd3 Nc6 7. Nxc6 dxc6 8. 0-0 e5 9. f4 Bc5+ 10. Kh1 Nf6 11. f5 h6 12. a4 b6 13. Qf3 Bb7 14. Qg3 Rg8 15. Bd2 0-0-0 16. Rab1 b5 17. b4 Bd4 18. Ne2 bxa4 19. Nxd4 exd4 20. Bf4 Qe7 21. Qh3 Rd7 22. e5 Nd5 23. e6 fxe6 24. fxe6 Rdd8 25. Bg3 Nf6 26. Qf5 Nd5 27. Qe5 Qc7 28. Qxd4 Qb6 29. Qxb6 Nxb6 30. Rf7 Na8 31. e7 1-0

[Event "Girona-ch"]
[Site "Barcelona"]
[Date "2001.12.02"]
[Round "9"]
[White "Dilme Bosch, Enric"]
[Black "Alvarez Serra, Jordi"]
[Result "1-0"]
[WhiteElo "2080"]
[BlackElo "2060"]
[PlyCount "137"]
[EventDate "2001.10.07"]
[EventType "swiss"]
[EventRounds "9"]
[EventCountry "ESP"]
[SourceTitle "EXT 2008"]
[Source "ChessBase"]
[SourceDate "2007.11.25"]
[SourceVersion "1"]
[SourceVersionDate "2007.11.25"]
[SourceQuality "1"]

1. e4 g6 2. d4 c6 3. f4 d5 4. e5 h5 5. Nf3 Nh6 6. Be2 Bg4 7. 0-0 Qb6 8. c3 e6 9. Qb3 Nf5 10. Na3 Bxf3 11. Bxf3 Qa6 12. Rf2 b5 13. Nc2 Qb7 14. a4 a6 15. Be2 Ra7 16. axb5 axb5 17. Rxa7 Qxa7 18. Bd2 Nd7 19. Rf1 Be7 20. Ra1 Qb8 21. Qa2 0-0 22. Qa7 Nb6 23. Bd3 Re8 24. b3 Kg7 25. Kf2 Bf8 26. Qxb8 Rxb8 27. Ra6 Be7 28. g3 Bd8 29. h3 Ra8 30. Rxa8 Nxa8 31. Bxf5 gxf5 32. Nb4 Be7 33. Nxc6 Ba3 34. Ke3 Nc7 35. Kd3 Bf8 36. Na5 Kg6 37. Ke2 h4 38. gxh4 Kh5 39. Be1 Be7 40. Kf3 Ba3 41. Nc6 Na6 42. Nd8 Kg6 43. h5+ Kxh5 44. Nxf7 Be7 45. Bd2 Nc7 46. Ng5 Ba3 47. Kf2 Be7 48. Nf3 Bf8 49. Ke2 Be7 50. Kd3 Bd8 51. Kc2 Be7 52. Be1 Bf8 53. Bh4 Bh6 54. Bg5 Bxg5 55. fxg5 f4 56. Kd3 Kg6 57. c4 bxc4+ 58. bxc4 dxc4+ 59. Kxc4 Kf5 60. Kd3 Nd5 61. h4 Kg6 62. Ke4 Kh5 63. g6 Kxg6 64. Ng5 f3 65. Nxf3 Kh5 66. Ng5 Nc7 67. Nxe6 Nxe6 68. d5 Ng7 69. e6 1-0

[Event "Girona-ch"]
[Site "Barcelona"]
[Date "2001.10.28"]
[Round "4"]
[White "Marti Gutierrez, JM."]
[Black "Dilme Bosch, Enric"]
[Result "0-1"]
[WhiteElo "1950"]
[BlackElo "2080"]
[PlyCount "54"]
[EventDate "2001.10.07"]
[EventType "swiss"]
[EventRounds "9"]
[EventCountry "ESP"]
[SourceTitle "EXT 2008"]
[Source "ChessBase"]
[SourceDate "2007.11.25"]
[SourceVersion "1"]
[SourceVersionDate "2007.11.25"]
[SourceQuality "1"]

1. e4 g6 2. d4 Bg7 3. Nc3 d6 4. f4 Nf6 5. Nf3 0-0 6. Bd3 Nc6 7. 0-0 Bg4 8. Be3 e5 9. fxe5 dxe5 10. d5 Nd4 11. Be2 Nxe2+ 12. Qxe2 Nh5 13. Qd2 Qe7 14. Ne1 Bd7 15. Nd3 b6 16. Kh1 f5 17. Bg5 Qe8 18. Bh6 f4 19. Bg5 h6 20. Bh4 g5 21. Be1 g4 22. Nd1 Qe7 23. c4 g3 24. Qe2 Qh4 25. h3 Bxh3 26. gxh3 Qxh3+ 27. Kg1 f3 0-1

[Event "Girona-ch"]
[Site "Barcelona"]
[Date "2001.10.14"]
[Round "2"]
[White "Domenech Plana, Jaume"]
[Black "Dilme Bosch, Enric"]
[Result "1-0"]
[WhiteElo "2280"]
[BlackElo "2080"]
[PlyCount "78"]
[EventDate "2001.10.07"]
[EventType "swiss"]
[EventRounds "9"]
[EventCountry "ESP"]
[SourceTitle "EXT 2008"]
[Source "ChessBase"]
[SourceDate "2007.11.25"]
[SourceVersion "1"]
[SourceVersionDate "2007.11.25"]
[SourceQuality "1"]

1. e4 g6 2. d4 Bg7 3. f4 d6 4. Nf3 a6 5. c3 Nd7 6. Bc4 e6 7. 0-0 Ne7 8. g4 b5 9. Bb3 Nf6 10. Ng5 h6 11. e5 Nfd5 12. Ne4 h5 13. a4 Bb7 14. Qe2 Qd7 15. axb5 axb5 16. Rxa8+ Bxa8 17. exd6 cxd6 18. Qxb5 Qxb5 19. Nxd6+ Kd7 20. Nxb5 hxg4 21. c4 Nb4 22. d5 exd5 23. Rd1 g3 24. hxg3 d4 25. Kf2 Rh2+ 26. Ke1 Nf5 27. Ba4 Ke7 28. g4 Ng3 29. Nxd4 Bxd4 30. Rxd4 Rh1+ 31. Kd2 Ne4+ 32. Rxe4+ Bxe4 33. Nc3 Bf3 34. b3 Nc6 35. Ba3+ Kd7 36. g5 Rf1 37. Ke3 Bg2 38. Nb5 Ra1 39. Bb2 Rb1 1-0

[Event "Girona-ch"]
[Site "Barcelona"]
[Date "2001.10.07"]
[Round "1"]
[White "Dilme Bosch, Enric"]
[Black "Barneda Ciurana, Jordi"]
[Result "1-0"]
[WhiteElo "2080"]
[BlackElo "1960"]
[PlyCount "67"]
[EventDate "2001.10.07"]
[EventType "swiss"]
[EventRounds "9"]
[EventCountry "ESP"]
[SourceTitle "EXT 2008"]
[Source "ChessBase"]
[SourceDate "2007.11.25"]
[SourceVersion "1"]
[SourceVersionDate "2007.11.25"]
[SourceQuality "1"]

1. e4 e5 2. Nf3 Nc6 3. Nc3 Bc5 4. Nxe5 Bxf2+ 5. Kxf2 Nxe5 6. d4 Ng6 7. Be2 d6 8. Rf1 Nf6 9. Kg1 0-0 10. Bg5 h6 11. Bxf6 gxf6 12. Nd5 f5 13. exf5 Ne7 14. Ne3 Kh7 15. Bd3 Rg8 16. Qh5 Qf8 17. f6+ Ng6 18. Nd5 Kh8 19. Nxc7 Rb8 20. Ne8 Bg4 21. Qxg4 Rxe8 22. Qh5 Re3 23. Qf5 Qe8 24. Kf2 Rxd3 25. Qxd3 Nf4 26. Qe3 Rxg2+ 27. Kf3 Qxe3+ 28. Kxe3 Ne6 29. Rf2 Rg5 30. c4 b6 31. Re1 Kh7 32. Kd3 d5 33. cxd5 Rxd5 34. Rxe6 1-0